[Event "Copenhagen Chess Challenge 2017"]
[Site "Ballerup"]
[Date "2017.05.11"]
[Round "3.34"]
[White "Winkler, Finn Lukas"]
[Black "Hentley, Darryl"]
[Result "1-0"]
[WhiteElo "1824"]
[BlackElo "1643"]
[PlyCount "63"]
[EventDate "2017.05.10"]

1. e4 c6 2. d4 Nf6 3. Bd3 d5 4. e5 Nfd7 5. Bg5 Qb6 6. Nf3 c5 7. dxc5 Qxb2 8.
Nbd2 Nxe5 9. O-O Bg4 10. Re1 Nbc6 11. Rb1 Qc3 12. Rxb7 Qxc5 13. Nb3 Qd6 14. Bb5
O-O-O 15. Bxc6 Nxc6 16. Rb5 f6 17. Be3 e5 18. Bc5 Qd7 19. h3 Bxf3 20. Qxf3 e4
21. Qc3 Qc7 22. Bxf8 Rhxf8 23. Rc5 Rd6 24. Nd4 Kd7 25. Nb5 Qb7 26. Nxd6 Kxd6
27. Rd1 Ne7 28. Qa3 Ke6 29. Ra5 Ra8 30. Qb3 Qd7 31. Ra6+ Ke5 32. Qg3+ 1-0

[Event "Copenhagen Chess Challenge 2017"]
[Site "Ballerup"]
[Date "2017.05.11"]
[Round "3.35"]
[White "Sundin, Sven Ingvar"]
[Black "Liu, Casper Yukun"]
[Result "0-1"]
[WhiteElo "1605"]
[BlackElo "1803"]
[PlyCount "94"]
[EventDate "2017.05.10"]

1. e4 e5 2. Nf3 Nc6 3. Bb5 Nf6 4. O-O Be7 5. Re1 d6 6. h3 O-O 7. c3 a6 8. Ba4
b5 9. Bc2 d5 10. d4 dxe4 11. Nxe5 Qd5 12. Nxc6 Qxc6 13. d5 Nxd5 14. Bxe4 Rd8
15. Bxh7+ Kxh7 16. Rxe7 Be6 17. Qh5+ Kg8 18. Bg5 Nxe7 19. Bxe7 Rd1+ 20. Qxd1
Re8 21. Bh4 Bd5 22. f3 Qc4 23. Na3 Qxh4 24. Qxd5 Re2 25. Qd4 Qg5 26. Qg4 Qc5+
27. Kh2 Rxb2 28. Re1 Qd6+ 29. f4 Qc6 30. Re5 g6 31. f5 Qd6 32. Qf4 Re2 33. fxg6
Qxe5 34. gxf7+ Kf8 35. Qxe5 Rxe5 36. Nc2 c5 37. Kg3 Re2 38. Na1 c4 39. Nb3 cxb3
40. axb3 Re3+ 41. Kg4 Rxc3 42. h4 Kxf7 43. Kg5 Rg3+ 44. Kh6 Rxg2 45. h5 Rh2 46.
Kg5 a5 47. h6 a4 0-1

[Event "Copenhagen Chess Challenge 2017"]
[Site "Ballerup"]
[Date "2017.05.11"]
[Round "3.36"]
[White "Christophersen, David"]
[Black "Nielsen, Thomas (1994)"]
[Result "1-0"]
[WhiteElo "1788"]
[BlackElo "1582"]
[PlyCount "73"]
[EventDate "2017.05.10"]

1. c4 e6 2. g3 d5 3. Bg2 Nf6 4. cxd5 exd5 5. d3 Bc5 6. Nf3 Nbd7 7. O-O O-O 8.
Nbd2 c6 9. b3 Qb6 10. h3 a5 11. Rb1 Bd6 12. Bb2 Qc7 13. Rc1 Ne5 14. Nxe5 Bxe5
15. d4 Bd6 16. e4 dxe4 17. Re1 Re8 18. Nxe4 Nxe4 19. Bxe4 Bxh3 20. Qh5 f5 21.
Bd5+ Kf8 22. Rxe8+ Rxe8 23. Qxh3 Qd7 24. Bc4 g6 25. Qh6+ Qg7 26. Qxg7+ Kxg7 27.
d5+ Kf8 28. dxc6 bxc6 29. Rd1 Bc5 30. Rd7 Re1+ 31. Kg2 Be7 32. Bc3 Rc1 33. Bxa5
Ke8 34. Rd2 Bf6 35. Re2+ Kd7 36. a4 Kc8 37. Re6 1-0

[Event "Copenhagen Chess Challenge 2017"]
[Site "Ballerup"]
[Date "2017.05.12"]
[Round "4.1"]
[White "Andersen, Mads"]
[Black "Getz, Nicolai"]
[Result "1-0"]
[WhiteElo "2582"]
[BlackElo "2378"]
[PlyCount "127"]
[EventDate "2017.05.10"]

1. Nf3 Nf6 2. g3 g6 3. b3 Bg7 4. Bb2 b6 5. Bg2 Bb7 6. O-O O-O 7. c4 c5 8. d4
cxd4 9. Qxd4 Ne8 10. Qd2 Bxb2 11. Qxb2 d6 12. Rd1 Nd7 13. Qd4 Nef6 14. Nc3 Qc7
15. Rac1 Rac8 16. Qe3 Rfe8 17. Nd5 Nxd5 18. cxd5 Qb8 19. Nd4 Nf6 20. Rxc8 Qxc8
21. Rc1 Qd7 22. Nc6 Ba6 23. Bf3 e5 24. dxe6 fxe6 25. Qf4 Rf8 26. Qd4 Bb5 27. a4
e5 28. Qb4 Bxc6 29. Rxc6 d5 30. Qd6 Qxd6 31. Rxd6 e4 32. Bg2 Kf7 33. Bh3 Re8
34. Kf1 g5 35. Bf5 h5 36. h3 g4 37. hxg4 hxg4 38. e3 Re5 39. Bc8 Re8 40. Rc6
Rd8 41. Bf5 Ke7 42. Ke2 d4 43. exd4 Rxd4 44. Re6+ Kf7 45. Re5 Rb4 46. Be6+ Kg6
47. Bc4 a6 48. Kd2 a5 49. Kc3 Kh6 50. Re6 Kg5 51. Re7 Kg6 52. Kd4 Kf5 53. Re5+
Kg6 54. Re6 Kf5 55. Re7 Kg6 56. Ke5 b5 57. axb5 a4 58. Bf7+ Kg5 59. bxa4 Rxa4
60. Be6 e3 61. Rg7+ Kh6 62. Kxf6 exf2 63. Bf5 f1=Q 64. Rh7# 1-0

[Event "Copenhagen Chess Challenge 2017"]
[Site "Ballerup"]
[Date "2017.05.12"]
[Round "4.2"]
[White "Haubro, Martin"]
[Black "Rasmussen, Allan Stig"]
[Result "0-1"]
[WhiteElo "2356"]
[BlackElo "2547"]
[PlyCount "94"]
[EventDate "2017.05.10"]

1. e4 c6 2. d4 d5 3. e5 Bf5 4. Nf3 e6 5. Be2 Ne7 6. O-O Ng6 7. Be3 Nd7 8. Nbd2
f6 9. exf6 Qxf6 10. c4 Bd6 11. Qb3 Rb8 12. Rfe1 O-O 13. Bf1 Nf4 14. g3 Nh3+ 15.
Kh1 Bg4 16. Bg2 Qf7 17. Bxh3 Bxh3 18. Ng5 Qh5 19. Nxh3 Qxh3 20. Qd3 Nf6 21. Qf1
Qh5 22. Kg2 Rf7 23. Qe2 Qg6 24. Nf3 h6 25. Ne5 Bxe5 26. dxe5 Nd7 27. cxd5 Qe4+
28. f3 Qxd5 29. Bxa7 Rbf8 30. Rad1 Qxa2 31. Bd4 Rxf3 32. Qxf3 Rxf3 33. Kxf3
Qb3+ 34. Kf2 c5 35. Bc3 Nb6 36. Rd8+ Kf7 37. Kg1 Nd5 38. Rf1+ Kg6 39. Rd6 Kh5
40. Rd7 g5 41. Rf6 Qd1+ 42. Rf1 Qb3 43. Rf6 Kg4 44. Rxh6 Qd1+ 45. Kf2 Qc2+ 46.
Kg1 Kf3 47. Rf7+ Nf4 0-1

[Event "Copenhagen Chess Challenge 2017"]
[Site "Ballerup"]
[Date "2017.05.12"]
[Round "4.3"]
[White "Chatalbashev, Boris"]
[Black "Aabling Thomsen, Jakob"]
[Result "1-0"]
[WhiteElo "2546"]
[BlackElo "2382"]
[PlyCount "69"]
[EventDate "2017.05.10"]

1. d4 f5 2. g3 Nf6 3. Bg2 g6 4. Nh3 Bg7 5. c3 Nc6 6. O-O O-O 7. Nf4 e5 8. dxe5
Nxe5 9. Bxb7 Bxb7 10. Qb3+ d5 11. Qxb7 Qd6 12. Qb3 g5 13. Ng2 Ne4 14. f3 Nc5
15. Qc2 Ne6 16. Be3 c5 17. Bf2 d4 18. Nd2 Rad8 19. Rad1 Qa6 20. Nb3 d3 21. exd3
Nxf3+ 22. Kh1 Qc6 23. Na5 Qe8 24. Qe2 g4 25. Ne1 Nfg5 26. Bg1 Qh5 27. Nb7 Rd5
28. Qg2 Re5 29. d4 cxd4 30. cxd4 Rxe1 31. Rdxe1 f4 32. Qd5 fxg3 33. Rxf8+ Kxf8
34. Nc5 g2+ 35. Qxg2 1-0

[Event "Copenhagen Chess Challenge 2017"]
[Site "Ballerup"]
[Date "2017.05.12"]
[Round "4.4"]
[White "Arman, Deniz"]
[Black "Ochsner, Bjorn Moller"]
[Result "0-1"]
[WhiteElo "2377"]
[BlackElo "2436"]
[PlyCount "65"]
[EventDate "2017.05.10"]

1. e4 c5 2. d4 cxd4 3. c3 Nf6 4. e5 Nd5 5. Qxd4 e6 6. Nf3 Nc6 7. Qe4 b6 8. c4
f5 9. Qc2 Nde7 10. g3 Bb7 11. Nbd2 Nxe5 12. Bg2 Qc7 13. O-O N7c6 14. Re1 Bd6
15. c5 Bxc5 16. Nb3 Nb4 17. Qc3 Nxf3+ 18. Bxf3 Bxf3 19. Qxf3 O-O 20. Bf4 Bd6
21. Rac1 Nc6 22. Be3 Rac8 23. Qg2 f4 24. Bd4 Qd8 25. gxf4 Nxd4 26. Nxd4 Rxf4
27. Rcd1 Qe7 28. Kh1 Rcf8 29. Re2 Bc5 30. Nb3 Rxf2 31. Rxf2 Rxf2 32. Qa8+ Rf8
33. Nxc5 0-1

[Event "Copenhagen Chess Challenge 2017"]
[Site "Ballerup"]
[Date "2017.05.12"]
[Round "4.5"]
[White "Percivaldi, Martin"]
[Black "Fries Nielsen, Jens Ove"]
[Result "1-0"]
[WhiteElo "2421"]
[BlackElo "2351"]
[PlyCount "67"]
[EventDate "2017.05.10"]

1. Nf3 Nf6 2. c4 d6 3. d4 Na6 4. g3 c5 5. Bg2 e6 6. O-O Be7 7. Nc3 O-O 8. b3
Bd7 9. Bb2 Qb6 10. e3 Rfe8 11. Qe2 Bf8 12. Rfd1 Rad8 13. Rac1 cxd4 14. exd4 Bc6
15. Rd2 Qa5 16. a3 Qh5 17. b4 Nc7 18. Rcd1 Rc8 19. h3 Qh6 20. b5 Bxf3 21. Bxf3
d5 22. h4 dxc4 23. Bxb7 Ncd5 24. Bxc8 Rxc8 25. Qf3 g5 26. hxg5 Qxg5 27. Re2 Bd6
28. Nxd5 Nxd5 29. Re4 h5 30. Rh4 c3 31. Rxh5 Qxh5 32. Qxh5 cxb2 33. Kg2 Rc2 34.
Qg5+ 1-0

[Event "Copenhagen Chess Challenge 2017"]
[Site "Ballerup"]
[Date "2017.05.12"]
[Round "4.6"]
[White "Pfreundt, Jakob"]
[Black "Rostgaard, Tobias Valentin"]
[Result "1-0"]
[WhiteElo "2388"]
[BlackElo "2366"]
[PlyCount "105"]
[EventDate "2017.05.10"]

1. e4 e5 2. Nf3 Nc6 3. Bb5 Nf6 4. O-O Nxe4 5. Re1 Nd6 6. Nxe5 Nxe5 7. Rxe5+ Be7
8. Bf1 O-O 9. Nc3 Bf6 10. Re1 Nf5 11. Nd5 Bg5 12. d4 Bxc1 13. Rxc1 c6 14. Bd3
cxd5 15. Bxf5 d6 16. Bd3 Be6 17. Qd2 Re8 18. Re3 g6 19. Rce1 Qb6 20. c3 Qd8 21.
Bb5 Rf8 22. Qe2 Qf6 23. Ba4 a6 24. Bb3 Kg7 25. Qf3 Qxf3 26. Rxf3 b5 27. Rfe3
Kf6 28. Kf1 Rfb8 29. a3 Ra7 30. Ke2 Rc7 31. Kd2 h6 32. f4 Rg8 33. Rf1 Rcc8 34.
Ref3 Ke7 35. Re1 Kd7 36. Rfe3 Rce8 37. Bc2 f5 38. Bd3 Bf7 39. Rxe8 Rxe8 40. Ra1
Kc6 41. a4 Kb6 42. b4 Rc8 43. axb5 axb5 44. Ra5 Be8 45. Bc2 Bd7 46. Ra1 Re8 47.
Rg1 Rf8 48. h3 h5 49. Re1 Re8 50. Rxe8 Bxe8 51. Ke3 Kc7 52. g4 hxg4 53. hxg4
1-0

[Event "Copenhagen Chess Challenge 2017"]
[Site "Ballerup"]
[Date "2017.05.12"]
[Round "4.7"]
[White "Reimanis, Ritvars"]
[Black "Urkedal, Frode"]
[Result "1-0"]
[WhiteElo "2302"]
[BlackElo "2540"]
[PlyCount "125"]
[EventDate "2017.05.10"]

1. d4 Nf6 2. c4 e6 3. Nc3 Bb4 4. Qc2 O-O 5. Nf3 c5 6. dxc5 Na6 7. g3 Nxc5 8.
Bg2 Nce4 9. O-O Nxc3 10. bxc3 Be7 11. e4 d6 12. Bf4 e5 13. Bg5 Nd7 14. Be3 b6
15. Rfd1 Qc7 16. Qe2 Ba6 17. Nd2 Nb8 18. Bf1 Nc6 19. Nb3 Rfc8 20. Qg4 Rd8 21.
c5 Bc8 22. cxb6 axb6 23. Qe2 Be6 24. Qb5 Rdb8 25. Rdb1 Bd7 26. Qd3 Ra3 27. Rb2
b5 28. Rd1 Be6 29. Qb1 h6 30. h4 b4 31. c4 Rba8 32. Na1 R3a4 33. Nb3 Nd8 34.
Nc1 Bg4 35. Re1 Bf3 36. Rb3 Ne6 37. Qd3 Qc6 38. Bd2 Nd4 39. Rxb4 Bg4 40. Rxa4
Rxa4 41. Re3 f5 42. Bg2 f4 43. Re1 Rxc4 44. gxf4 Bxh4 45. Nb3 Nxb3 46. Qxb3 Kh7
47. f5 Rc2 48. Be3 Bh5 49. a4 Bd8 50. Qa3 Be8 51. Rd1 Bc7 52. Ra1 Rc3 53. Qb2
Rc2 54. Qb3 Rc3 55. Qe6 Rxe3 56. fxe3 Qc3 57. Rf1 Qxe3+ 58. Kh2 Bh5 59. f6 Qg5
60. f7 Bg4 61. Qxg4 Qxg4 62. f8=Q Qh5+ 63. Bh3 1-0

[Event "Copenhagen Chess Challenge 2017"]
[Site "Ballerup"]
[Date "2017.05.12"]
[Round "4.8"]
[White "Hector, Jonny"]
[Black "Stojanovski, Sandi"]
[Result "1-0"]
[WhiteElo "2498"]
[BlackElo "2277"]
[PlyCount "141"]
[EventDate "2017.05.10"]

1. d4 d5 2. Nc3 Nf6 3. Bg5 Nbd7 4. Qd3 c6 5. Nf3 Qa5 6. Nd2 g6 7. Nb3 Qc7 8. f3
Bg7 9. e4 e5 10. exd5 O-O 11. dxc6 bxc6 12. O-O-O Nd5 13. Nxd5 cxd5 14. Qd2 a5
15. dxe5 a4 16. Nd4 Nxe5 17. Nb5 Qb6 18. Be3 Qb8 19. Bd4 a3 20. b3 Bf5 21. f4
Rc8 22. Bc3 Nc6 23. Bxg7 Kxg7 24. Bd3 Bxd3 25. Qxd3 Ra5 26. Nd4 Nb4 27. Qd2
Rac5 28. Kb1 Qb6 29. Rc1 Rc3 30. Rhe1 Qf6 31. Re3 Rxc2 32. Rxc2 Nxc2 33. Rd3
Nxd4 34. Rxd4 Re8 35. Rxd5 Re1+ 36. Kc2 Qb2+ 37. Kd3 Qb1+ 38. Kc4 Rc1+ 39. Kb4
Rc8 40. Kxa3 Ra8+ 41. Ra5 Rxa5+ 42. Qxa5 Qc1+ 43. Ka4 Qxf4+ 44. b4 Qxh2 45. Qd5
Qf4 46. Kb5 h5 47. a4 Qf1+ 48. Kc5 Qc1+ 49. Kd6 Qa3 50. Qd4+ Kg8 51. a5 Qg3+
52. Kc5 Qc7+ 53. Kb5 Qb7+ 54. Ka4 h4 55. Qxh4 Qxg2 56. Qc4 g5 57. a6 Qf2 58.
Qc5 Qa2+ 59. Kb5 Qe2+ 60. Ka5 Qa2+ 61. Kb6 Qe6+ 62. Qc6 Qe3+ 63. Kb7 Qe7+ 64.
Kc8 Qf8+ 65. Kd7 Qxb4 66. Qd6 Qa4+ 67. Ke7 g4 68. Qb8+ Kh7 69. a7 Qe4+ 70. Kf8
Qd5 71. a8=Q 1-0

[Event "Copenhagen Chess Challenge 2017"]
[Site "Ballerup"]
[Date "2017.05.12"]
[Round "4.9"]
[White "Veng, Johnny"]
[Black "Hansen, Mads"]
[Result "0-1"]
[WhiteElo "2277"]
[BlackElo "2440"]
[PlyCount "116"]
[EventDate "2017.05.10"]

1. d4 d5 2. Bf4 Nf6 3. e3 c5 4. c3 Nc6 5. Nd2 e6 6. Ngf3 Bd6 7. Bg3 O-O 8. Bd3
Re8 9. O-O Bxg3 10. hxg3 e5 11. Bb5 e4 12. Bxc6 bxc6 13. Ne5 cxd4 14. cxd4 c5
15. Nb3 c4 16. Nc5 Qd6 17. f4 exf3 18. Qxf3 Rb8 19. b3 Rb5 20. Na4 cxb3 21.
axb3 Rxb3 22. Nc5 Rc3 23. Rac1 Rxc1 24. Rxc1 h6 25. Qf4 Qb6 26. Qf1 Qb2 27. Rb1
Qc3 28. Qf4 Qc2 29. Rb8 Kh7 30. Ncd3 Qd1+ 31. Qf1 Qxf1+ 32. Kxf1 Ba6 33. Rxe8
Nxe8 34. Ke2 Nd6 35. Nc6 Nc8 36. Kd2 Bb5 37. Ndb4 Kg6 38. Ne5+ Kf5 39. Nxd5 Nd6
40. g4+ Kg5 41. Nc3 f6 42. Nf7+ Nxf7 43. Nxb5 Kxg4 44. Ke2 a5 45. Nc3 Kg3 46.
Kf1 Nd6 47. d5 f5 48. Ne2+ Kh2 49. Nc3 g5 50. Kf2 g4 51. e4 fxe4 52. g3 Nf5 53.
Nxe4 a4 54. d6 Nxd6 55. Nxd6 a3 56. Nc4 a2 57. Ne3 a1=Q 58. Nxg4+ Kh3 0-1

[Event "Copenhagen Chess Challenge 2017"]
[Site "Ballerup"]
[Date "2017.05.12"]
[Round "4.10"]
[White "Akdag, Dara Sevkan"]
[Black "Englert, Fabian"]
[Result "0-1"]
[WhiteElo "2240"]
[BlackElo "2375"]
[PlyCount "134"]
[EventDate "2017.05.10"]

1. d4 d5 2. Nc3 Nf6 3. Bf4 c5 4. e3 cxd4 5. exd4 a6 6. Nf3 Nc6 7. Ne5 e6 8. Be2
Bd6 9. Nxc6 bxc6 10. Bxd6 Qxd6 11. O-O c5 12. Na4 cxd4 13. Qxd4 O-O 14. c4 Qb4
15. b3 Rb8 16. Rfd1 a5 17. Rac1 Bb7 18. Nc5 e5 19. Qe3 d4 20. Qxe5 Rbe8 21. Qc7
Rxe2 22. Nxb7 d3 23. Kf1 Rfe8 24. Nd6 d2 25. Qxf7+ Kh8 26. Nxe8 Rxe8 27. Qxe8+
Nxe8 28. Rc2 h6 29. Rdxd2 Kh7 30. c5 Nc7 31. c6 Ne6 32. Rd7 Qe4 33. Rdd2 Nd4
34. f3 Qe3 35. Rxd4 Qxd4 36. Ke2 Qe5+ 37. Kd3 Qd6+ 38. Ke3 Qc7 39. Rc4 Kg6 40.
Kd4 Kf6 41. Kc5 Ke7 42. Kb5 Kd8 43. h4 Qe5+ 44. Kb6 Kc8 45. Re4 Qc7+ 46. Kb5
Kb8 47. Rc4 Ka7 48. g4 Qb6+ 49. Ka4 Kb8 50. c7+ Kc8 51. h5 Qf2 52. Kxa5 Qxa2+
53. Kb4 Qe2 54. Rc3 Qd2 55. f4 Qe2 56. Rc5 Qxg4 57. Ka5 Qxf4 58. b4 Qd6 59. Kb5
g5 60. hxg6 Qxg6 61. Rc6 Qd3+ 62. Kb6 Qd4+ 63. Ka5 h5 64. b5 Qa7+ 65. Kb4 Qxc7
66. Kc5 Qxc6+ 67. Kxc6 h4 0-1

[Event "Copenhagen Chess Challenge 2017"]
[Site "Ballerup"]
[Date "2017.05.12"]
[Round "4.11"]
[White "Hoi, Carsten"]
[Black "O'Gorman, Tom"]
[Result "1-0"]
[WhiteElo "2368"]
[BlackElo "2229"]
[PlyCount "101"]
[EventDate "2017.05.10"]

1. d4 Nf6 2. c4 g6 3. Nc3 Bg7 4. e4 d6 5. f3 O-O 6. Be3 c5 7. Nge2 Nc6 8. d5
Ne5 9. Ng3 e6 10. Be2 exd5 11. cxd5 a6 12. O-O b5 13. h3 Re8 14. Qd2 h5 15. Bh6
c4 16. Bxg7 Kxg7 17. a3 Rb8 18. Kh2 h4 19. Nh1 a5 20. a4 b4 21. Nb5 Ba6 22. Nd4
Rb6 23. Nf2 Rh8 24. Rac1 Qc8 25. f4 Ned7 26. Rfe1 Nc5 27. Bxc4 Bxc4 28. Rxc4
Qa6 29. Rcc1 Nxa4 30. Rc7 Rb7 31. Ne6+ Kg8 32. Rc8+ Kh7 33. Ng5+ Kg7 34. Rxh8
Kxh8 35. Qd4 Kg7 36. Ng4 Qb6 37. Qxf6+ Kf8 38. Ne6+ Ke8 39. Qh8+ Kd7 40. Nf6+
Ke7 41. e5 Rb8 42. Ng8+ Kd7 43. Qg7 Nc3 44. Qxf7+ Kc8 45. Ne7+ Kb7 46. Nc6+ Ka8
47. bxc3 b3 48. Nc7+ Kb7 49. Nxb8 Kxb8 50. exd6 Qf2 51. Na6+ 1-0

[Event "Copenhagen Chess Challenge 2017"]
[Site "Ballerup"]
[Date "2017.05.12"]
[Round "4.12"]
[White "Nikolovski, Nikola"]
[Black "Rebers, Eugene"]
[Result "1-0"]
[WhiteElo "2366"]
[BlackElo "2200"]
[PlyCount "103"]
[EventDate "2017.05.10"]

1. e4 d6 2. d4 Nf6 3. Nc3 g6 4. Be2 Bg7 5. h4 c5 6. dxc5 Qa5 7. Bd2 Qxc5 8. h5
gxh5 9. Bxh5 Nc6 10. Be2 Be6 11. Nh3 d5 12. Na4 Qd6 13. Bf4 Ne5 14. Qd4 Nxe4
15. Bb5+ Kf8 16. O-O-O Bxh3 17. Rxh3 Nd3+ 18. Qxd3 Qxf4+ 19. Kb1 Nxf2 20. Qxd5
Qd6 21. Rf3 Qxd5 22. Rxd5 Ne4 23. Bc4 Rc8 24. Bb3 b5 25. Rfd3 Nd6 26. Nc5 h5
27. Ne4 Rh6 28. Nxd6 Rxd6 29. Rxd6 exd6 30. Rxd6 Re8 31. a4 b4 32. a5 Re1+ 33.
Ka2 Ke7 34. Rc6 Be5 35. a6 f6 36. Rb6 Bd4 37. Rxb4 Bc5 38. Rb5 Kd6 39. Bc4 Re4
40. Kb3 Rg4 41. Be2 Rxg2 42. Bxh5 Rh2 43. Bg6 Rh3+ 44. Ka4 Rh1 45. Bd3 Ra1+ 46.
Kb3 f5 47. Kc3 f4 48. b4 Be3 49. Rf5 Ke6 50. Rf8 Ra3+ 51. Kb2 Ra4 52. c3 1-0

[Event "Copenhagen Chess Challenge 2017"]
[Site "Ballerup"]
[Date "2017.05.12"]
[Round "4.13"]
[White "Bjerre, Jonas Buhl"]
[Black "Moe, Mogens"]
[Result "1/2-1/2"]
[WhiteElo "2338"]
[BlackElo "2185"]
[PlyCount "60"]
[EventDate "2017.05.10"]

1. e4 c5 2. Nf3 e6 3. d4 cxd4 4. Nxd4 Nc6 5. Nc3 Qc7 6. Be3 a6 7. Qd2 Nf6 8.
O-O-O b5 9. f3 Ne5 10. g4 b4 11. Na4 h6 12. Be2 Bb7 13. h4 d5 14. g5 Nfd7 15.
f4 Nc4 16. Bxc4 dxc4 17. f5 Bxe4 18. g6 O-O-O 19. gxf7 Nc5 20. Nxc5 Bxc5 21.
Qe1 exf5 22. Rf1 Qxf7 23. Nxf5 Rxd1+ 24. Qxd1 Bxe3+ 25. Nxe3 Qe6 26. Qd4 b3 27.
axb3 cxb3 28. Nc4 Rd8 29. Qc5+ Qc6 30. Qxc6+ Bxc6 1/2-1/2

[Event "Copenhagen Chess Challenge 2017"]
[Site "Ballerup"]
[Date "2017.05.12"]
[Round "4.14"]
[White "Jacobsen, Mikkel Manosri"]
[Black "Kleinman, Michael"]
[Result "1/2-1/2"]
[WhiteElo "2187"]
[BlackElo "2335"]
[PlyCount "60"]
[EventDate "2017.05.10"]

1. d4 Nf6 2. c4 g6 3. Nc3 d5 4. cxd5 Nxd5 5. e4 Nxc3 6. bxc3 Bg7 7. Qa4+ Nd7 8.
Nf3 O-O 9. Be2 c5 10. O-O Nb6 11. Qa3 cxd4 12. cxd4 Bg4 13. Bg5 Bxf3 14. Bxf3
Qxd4 15. Rad1 Qa4 16. Qxa4 Nxa4 17. Bxe7 Rfc8 18. Rd7 Nc5 19. Bxc5 Rxc5 20. e5
Bxe5 21. Bxb7 Rf8 22. g3 Rc7 23. Rfd1 Rb8 24. Rxc7 Bxc7 25. Bd5 Rd8 26. Kg2 Kg7
27. Bb3 Rxd1 28. Bxd1 h5 29. h4 Kf6 30. Bb3 Bb6 1/2-1/2

[Event "Copenhagen Chess Challenge 2017"]
[Site "Ballerup"]
[Date "2017.05.12"]
[Round "4.15"]
[White "Kistrup, Nicolai"]
[Black "Kristensen, Kaare Hove"]
[Result "0-1"]
[WhiteElo "2185"]
[BlackElo "2329"]
[PlyCount "92"]
[EventDate "2017.05.10"]

1. c4 e6 2. g3 d5 3. Bg2 Nf6 4. Nf3 Be7 5. d4 O-O 6. O-O dxc4 7. Nc3 Nbd7 8. e4
a6 9. a4 Rb8 10. a5 b5 11. axb6 cxb6 12. Bf4 Bb7 13. Bxb8 Qxb8 14. Nd2 b5 15.
e5 Nd5 16. Nxd5 exd5 17. f4 Qa7 18. Nf3 f5 19. h3 Qb6 20. Ne1 Rd8 21. Nc2 Nf8
22. g4 Ne6 23. Kh1 g6 24. gxf5 gxf5 25. Qh5 Nxd4 26. Nxd4 Qxd4 27. Qxf5 Qb6 28.
e6 Rf8 29. Qg4+ Kh8 30. f5 d4 31. Rg1 Rg8 32. Qe2 Bf6 33. Bxb7 Qxb7+ 34. Rg2 d3
35. Qf2 b4 36. Kg1 Rxg2+ 37. Qxg2 Qxg2+ 38. Kxg2 Kg7 39. Rxa6 c3 40. bxc3 bxc3
41. Kf2 c2 42. Ra7+ Kh6 43. Rc7 d2 44. e7 Bxe7 45. Rxc2 d1=Q 46. Rc6+ Kg5 0-1

[Event "Copenhagen Chess Challenge 2017"]
[Site "Ballerup"]
[Date "2017.05.12"]
[Round "4.16"]
[White "Teplyi, Igor"]
[Black "Nielsen, Thomas Bach"]
[Result "1-0"]
[WhiteElo "2440"]
[BlackElo "2163"]
[PlyCount "55"]
[EventDate "2017.05.10"]

1. d4 Nf6 2. c4 c5 3. d5 e5 4. Nc3 d6 5. e4 g6 6. Bd3 Bg7 7. h3 Nbd7 8. Nge2 a6
9. Be3 O-O 10. g4 Rb8 11. Ng3 b5 12. cxb5 axb5 13. Bxb5 Qa5 14. Qe2 Nb6 15. O-O
Bd7 16. Bxd7 Nfxd7 17. Rfc1 Qb4 18. b3 c4 19. Rab1 cxb3 20. Rxb3 Qa5 21. Nb5
Na4 22. Nxd6 Ndc5 23. Rb5 Qd8 24. Rxb8 Qxb8 25. Rxc5 Qxd6 26. Rc6 Qd7 27. Qc4
Nb2 28. Qb3 1-0

[Event "Copenhagen Chess Challenge 2017"]
[Site "Ballerup"]
[Date "2017.05.12"]
[Round "4.17"]
[White "Lokander, Martin"]
[Black "Dahl, Trygve"]
[Result "0-1"]
[WhiteElo "2333"]
[BlackElo "2169"]
[PlyCount "88"]
[EventDate "2017.05.10"]

1. Nf3 f5 2. g3 Nf6 3. Bg2 d6 4. d4 e6 5. O-O Be7 6. c4 O-O 7. Nc3 Qe8 8. Re1
Ne4 9. Nxe4 fxe4 10. Nd2 d5 11. f3 exf3 12. Nxf3 Nc6 13. e4 dxc4 14. Be3 b5 15.
a4 b4 16. a5 b3 17. Nd2 Ba6 18. Rc1 Nxa5 19. e5 Rd8 20. Ne4 Bb4 21. Bd2 Nc6 22.
Bxb4 Nxb4 23. Nc5 Bb5 24. Bh3 Nd3 25. Bxe6+ Kh8 26. Bxc4 Nxe1 27. Bxb5 Qxb5 28.
Qxe1 Rxd4 29. Ne6 Qb6 30. Nxd4 Qxd4+ 31. Kh1 c5 32. e6 Re8 33. Qc3 Qd5+ 34. Kg1
Rxe6 35. Qxc5 Re1+ 36. Kf2 Qd2+ 37. Kf3 Qe2+ 38. Kf4 Qe4+ 39. Kg5 h6+ 40. Kh5
Kh7 41. g4 Re3 42. Rc3 Qg6+ 43. Kh4 Qf6+ 44. Kh5 g6# 0-1

[Event "Copenhagen Chess Challenge 2017"]
[Site "Ballerup"]
[Date "2017.05.12"]
[Round "4.18"]
[White "Itkin, David"]
[Black "Brinck Claussen, Bjorn"]
[Result "1-0"]
[WhiteElo "2118"]
[BlackElo "2227"]
[PlyCount "35"]
[EventDate "2017.05.10"]

1. e4 e6 2. d4 d5 3. Nc3 Nf6 4. Bg5 Be7 5. e5 Nfd7 6. h4 c5 7. Bxe7 Kxe7 8. f4
cxd4 9. Qxd4 Nc6 10. Qd2 Nc5 11. O-O-O Qa5 12. Nf3 Rd8 13. f5 exf5 14. Nxd5+
Rxd5 15. Qxd5 Be6 16. Qd6+ Ke8 17. Nd4 Nxe5 18. Bb5+ 1-0

[Event "Copenhagen Chess Challenge 2017"]
[Site "Ballerup"]
[Date "2017.05.12"]
[Round "4.19"]
[White "Brondt, Nicolai Kvist"]
[Black "Adinolfi, Vincenzo"]
[Result "1/2-1/2"]
[WhiteElo "2213"]
[BlackElo "2108"]
[PlyCount "93"]
[EventDate "2017.05.10"]

1. c4 e6 2. g3 d5 3. Bg2 Nf6 4. Nf3 c5 5. O-O Nc6 6. d4 cxd4 7. cxd5 Nxd5 8.
Nxd4 Be7 9. Nc3 Nxd4 10. Nxd5 Nxe2+ 11. Qxe2 exd5 12. Qb5+ Qd7 13. Qb3 O-O 14.
Bxd5 Qd6 15. Bf4 Qb4 16. Qxb4 Bxb4 17. Rac1 Ba5 18. Bc7 Bxc7 19. Rxc7 Bh3 20.
Rfc1 Rad8 21. Bxb7 Rd2 22. R7c2 Rfd8 23. Rxd2 Rxd2 24. Bc8 f5 25. Be6+ Kf8 26.
b4 Rd4 27. Bc4 f4 28. gxf4 Rxf4 29. f3 Rxf3 30. Bd5 Rf4 31. b5 Ke7 32. Bb7 Kd8
33. Bd5 g5 34. Bb3 Rg4+ 35. Kf2 Rg2+ 36. Kf3 g4+ 37. Kf4 Rxh2 38. Rc5 Rf2+ 39.
Kg3 Rf6 40. Rh5 h6 41. Bd1 Rg6 42. a4 Kc7 43. a5 Kb7 44. Be2 Kc7 45. b6+ axb6
46. axb6+ Kxb6 47. Rh4 1/2-1/2

[Event "Copenhagen Chess Challenge 2017"]
[Site "Ballerup"]
[Date "2017.05.12"]
[Round "4.21"]
[White "Sorensen, Per Settergren"]
[Black "Andreasen, Joan Hendrik"]
[Result "0-1"]
[WhiteElo "1980"]
[BlackElo "2189"]
[PlyCount "126"]
[EventDate "2017.05.10"]

1. e4 e5 2. Nf3 Nc6 3. Bb5 a6 4. Ba4 Nf6 5. O-O Be7 6. Re1 b5 7. Bb3 d6 8. c3
O-O 9. h3 Nb8 10. d4 Nbd7 11. Nbd2 c5 12. d5 c4 13. Bc2 Nc5 14. b4 cxb3 15.
axb3 Qc7 16. Bb2 g6 17. b4 Ncd7 18. Nb3 Nb6 19. Na5 Bd7 20. Bb3 Nh5 21. Rc1 Nc4
22. Bxc4 bxc4 23. Nd2 Bb5 24. g3 Bg5 25. Ra1 Rac8 26. Nf3 Bh6 27. Nh2 Qa7 28.
Ng4 Bg7 29. Ne3 f5 30. exf5 Qf7 31. g4 Nf4 32. Kh2 e4 33. Rh1 Qe7 34. Nc6 Bxc6
35. dxc6 Nd3 36. Qd2 Rxc6 37. Ra5 Be5+ 38. Kg2 Qg5 39. Bc1 Qf4 40. Nd5 Qf3+ 41.
Kg1 Rf7 42. Qe3 Nxc1 43. Qxc1 Rc8 44. Rxa6 gxf5 45. Qe3 Qd1+ 46. Kg2 Qxd5 47.
Ra5 Qb7 48. Rha1 f4 49. Qa7 Qc6 50. Qa6 e3+ 51. Qxc6 Rxc6 52. fxe3 fxe3 53. Rf1
Bxc3 54. Ra8+ Kg7 55. Rxf7+ Kxf7 56. b5 Rb6 57. Ra7+ Kg6 58. Kf3 Rxb5 59. Kxe3
Be5 60. h4 h5 61. gxh5+ Kxh5 62. Rh7+ Kg6 63. Rc7 Rc5 0-1

[Event "Copenhagen Chess Challenge 2017"]
[Site "Ballerup"]
[Date "2017.05.12"]
[Round "4.22"]
[White "Nilssen, Ellen Fredericia"]
[Black "Jorgensen, Dennis"]
[Result "0-1"]
[WhiteElo "1926"]
[BlackElo "2172"]
[PlyCount "72"]
[EventDate "2017.05.10"]

1. e4 c6 2. d4 d5 3. exd5 cxd5 4. c4 Nf6 5. Nc3 e6 6. Nf3 Bb4 7. cxd5 Nxd5 8.
Bd2 Nc6 9. Bd3 O-O 10. O-O Be7 11. a3 Bf6 12. Qc2 h6 13. Rad1 Nxc3 14. bxc3 b6
15. Qc1 h5 16. Ng5 g6 17. f4 Ne7 18. Qc2 Nf5 19. Rfe1 Bb7 20. Re5 Rc8 21. Qa4
Qc7 22. Rb1 Ba8 23. Ba6 Rcd8 24. Re2 Rd5 25. Bd3 Rfd8 26. Nf3 Ra5 27. Qb3 Bxf3
28. gxf3 Bxd4+ 29. cxd4 Nxd4 30. Qb2 Nxf3+ 31. Kf2 Rxd3 32. Rc1 Rc5 33. Rxc5
bxc5 34. Be3 Nxh2 35. Qb5 Ng4+ 36. Kf3 c4 0-1